000 00570nam a2200229Ia 4500
003 OSt
005 20221007080157.0
006 a|||||r|||| 00| 0
007 ta
008 221006b |||||||| |||| 00| 0 eng d
024 _a35,285
037 _cTextual
040 _aFLL
_cFLL
_beng
041 _2eng
_aeng
082 _aXM55:Z2, Q0
100 _aTaxmann
245 0 _aCompanies act
260 _aNew Delhi
_bTaxmann Publications India
_c2010
300 _ad.p
_ccm.
942 _hXM55:Z2, Q0
_cTEXL
_2CC
999 _c1158573
_d1158573